Recopilación de leyes por orden numérico, con índices onomástico, por número, Ministerios y materias

Sparad:
Bibliografiska uppgifter
Institutionell upphovsman: Contraloría General de la República (Författare, medförfattare)
Materialtyp: Bok
Språk:spanska
Publicerad: Santiago Contraloría General de la República 1950
Ämnen:
Taggar: Lägg till en tagg
Inga taggar, Lägg till första taggen!

MARC

LEADER 00000nam a2200000 a 4500
001 UCR0650
003 CL-VaPUC
008 971205e19500000CL |||||||||||||||||spa|d
082 0 4 |a 348.022  |b CON  |2 21 
110 2 |a Contraloría General de la República  |e author  |9 396642 
245 1 0 |a Recopilación de leyes por orden numérico, con índices onomástico, por número, Ministerios y materias 
300 |a t 
942 |c BK 
945 |d 19971205 00:00:00  |a lriquelm 
260 |a Santiago  |b Contraloría General de la República  |c 1950 
500 |a Contiene: desde la ley 9.396, de 24 de Octubre de 1949 a la 9.691, de 11 deOctubre de 1950 
500 |a Donación profesor Fernando Recio Olguín 
650 7 |a LEGISLACION  |2 CL-VaPUC  |9 396643 
650 0 |a Leyes  |9 256670 
650 7 |a FUENTES  |2 CL-VaPUC  |9 255666 
650 7 |a DERECHO CHILENO  |2 CL-VaPUC  |9 396644 
651 7 |a CHILE  |2 CL-VaPUC  |9 396645 
583 |a last modification  |c 20140410 09:24:41  |k Rodrigo Vera 
999 |c 264149  |d 264147 
952 |0 0  |1 0  |4 0  |6 348_022000000000000_CON_1950  |7 0  |8 F  |9 293956  |a BIBDER  |b BIBDER  |d 2019-11-19  |h t.37  |i 1910663  |o 348.022 CON 1950  |p 1910663  |r 2023-01-25  |w 2019-11-19  |y BK_F  |k DER 
952 |0 0  |1 0  |4 0  |6 348_022000000000000_CON_1950  |7 0  |8 X  |9 293958  |a BIBHIS  |b BIBHIS  |d 2019-11-19  |h t.37  |i 212842K  |o 348.022 CON 1950  |p 212842K  |r 2024-01-30  |w 2019-11-19  |y BK_X  |k HIS